Fundamentos de administración financiera / J. Fred Weston, Eugene F. Brigham
Descripción Física:
XIV, 648 p. ; 25 cm
Otros Autores:
Brigham, Eugene F.
Materias:
Empreses -- Finances
MARC
| LEADER | 00000nam a2200000Ia 4500 | ||
|---|---|---|---|
| 001 | 14117 | ||
| 008 | 160829s1984 xx 000 0 cat d | ||
| 080 | |a M-4-125 | ||
| 100 | |a Weston, J. Fred |9 25674 | ||
| 245 | |a Fundamentos de administración financiera / J. Fred Weston, Eugene F. Brigham | ||
| 250 | |a 5a ed. | ||
| 260 | |a México [etc.] : |b Nueva Editorial Interamericana, |c 1984 | ||
| 300 | |a XIV, 648 p. ; |c 25 cm | ||
| 590 | |a Glossari, índex, apèndixs | ||
| 650 | |a Empreses |x Finances |9 27063 | ||
| 700 | |a Brigham, Eugene F. |9 25675 | ||
| 901 | |a Arxiu | ||
| 942 | |n 1 | ||
| 952 | |0 0 |1 0 |4 0 |6 M4125 |7 1 |9 43729 |a Arxiu |b Arxiu |d 2016-12-01 |l 0 |o M-4-125 |p 14117 |r 2016-12-01 00:00:00 |w 2016-12-01 |y ARXIU | ||
| 999 | |c 46277 |d 46277 | ||